000 00446nam a2200181Ia 4500
001 7507
005 20260306160500.0
008 260306t2005||||xx |||||||||||||| ||spa||
041 _aESP
082 _a339
_bM67
100 _aMochón Morcillo, Francisco
_eAUT
245 0 _aIntroducción a la macroeconomía:
_bejercicios
260 _c2005
300 _a235 páginas :
_c24 cm.
650 _aGEN
654 _aCAN
942 _cLIB
_dJUS
_fJUS
_2ddc
_n
999 _c7507
_d7507